000 00648nam a22002297a 4500
003 LK-CoDNM
005 20250123145704.0
008 250123b |||||||| |||| 00| 0 eng d
040 _aLK-CoDNM
_dLK-CoDNM
_eLK-CoDNM
041 _aeng
080 _a13
_bB31
100 _a Osterhout, W. J. V
245 _aInjury, Recovery, and Death, in Relation to Conductivity And Permeability
260 _aPhiladelphia and London
_bJ. B Lippincott Company
_c1922
300 _a259p. : ill ; 20 cm
650 _aLife
650 _aConductivity and Permeability
650 _aAntagonism
650 _aInjury
650 _aDeath
942 _cBK
999 _c237359
_d237359